[Event "Icelandic Open 2019"]
[Site "Akureyri"]
[Date "2019.05.31"]
[Round "8.2"]
[White "Kjartansson, Gudmundur"]
[Black "Steingrimsson, Hedinn"]
[Result "1/2-1/2"]
[WhiteElo "2454"]
[BlackElo "2549"]
[Annotator "TA"]
[PlyCount "157"]
[EventDate "2019.05.25"]
[EventType "swiss"]
[EventCountry "ISL"]
[SourceTitle "playchess.com"]
[Source "ChessBase"]
[SourceQuality "1"]

{[%evp 16,157,14,2,7,18,9,15,22,-5,0,-2,0,-6,-5,-14,11,7,8,9,7,15,0,8,24,0,0,-7,0,-38,-30,-34,0,0,0,-21,-20,-24,-25,-18,-16,-15,-16,-29,0,0,1,0,1,1,5,6,3,0,9,0,0,0,0,1,0,0,0,0,0,0,10,0,0,0,0,0,14,21,20,12,15,12,16,22,41,16,17,19,133,0,0,0,0,0,6,0,0,0,0,0,0,0,0,0,0,0,0,0,0,-8,-8,-8,-8,-8,0,-8,-8,-8,-8,-8,-8,-8,-8,-8,-8,-8,-8,-8,-8,-8,-8,-8,-8,-8,-8,-8,-8,-8,-8,-8,-8,-8,-8,-8,-8,-8,-8,-8]} 1. Nf3 d5 2. g3 Bg4 3. Bg2 Nd7 4. O-O e6 5. h3 Bh5 6. d3 c6 7. Nbd2 Bd6 8. e4 Ne7 9. b3 Be5 {A07: Réti Opening: New York and Capablanca Systems} 10. Rb1 $1 {aiming for g4.} Bc3 11. b4 a5 $146 ({Predecessor:} 11... Ne5 12. g4 Nxf3+ 13. Nxf3 Bg6 14. Rb3 d4 15. Nd2 h5 16. f4 hxg4 17. hxg4 {1-0 (50) Grigoryan,K (2602)-Hovhannisyan,R (2624) Yerevan 2015}) 12. a3 axb4 13. axb4 Ra4 14. Bb2 Bxb2 15. Rxb2 Ra3 16. b5 O-O 17. bxc6 bxc6 18. Qb1 Qa8 19. Rb7 Ra7 20. Rb4 h6 21. Qb2 Ra2 22. Qc3 c5 23. Rb2 Ra3 24. Rb3 Rxb3 25. Qxb3 Bxf3 26. Bxf3 Rb8 27. Qc3 d4 28. Qa1 $1 Nc6 29. Nb3 Qxa1 (29... Qb7 {feels hotter.} 30. Rb1 Ra8 31. Qb2 Qb4 32. Kg2 Nde5) 30. Rxa1 Kf8 31. Kf1 Ke7 32. Ke1 Kd6 33. Kd2 f6 34. Bg4 Rb7 35. Na5 Ra7 36. Nc4+ Ke7 37. Rxa7 Nxa7 $11 {[%mdl 4096] Endgame KBN-KNN} 38. Na5 Nb8 39. f4 Nac6 40. Nc4 Nd7 41. Kc1 g5 42. Kb2 gxf4 43. gxf4 Ndb8 44. Kb3 Na6 45. Ka4 Nc7 46. Nb6 Nb4 47. Kb3 f5 48. Bf3 fxe4 49. dxe4 d3 {[#]} (49... e5 $1 $11) 50. c3 (50. c4 $1 $16) 50... Nc2 $1 {The position is equal.} 51. Nc4 Ne1 52. Nd2 e5 53. Kc4 exf4 54. Kxc5 Ne6+ 55. Kc4 Nxf3 56. Nxf3 {KN-KN} Ng5 57. Nd2 Nxh3 58. Kxd3 Ng5 59. Kd4 Ke6 60. Kd3 h5 61. Nf1 h4 62. Nh2 h3 63. c4 Ke5 64. Ng4+ Kd6 65. Nh2 Nf7 66. Ke2 Ne5 {Threatens to win with ...Kc5.} 67. Nf3 $1 Nxc4 68. Kf2 Ne5 69. Ng5 $1 Ng4+ (69... h2 $5 70. Kg2 $8 Ke7 $11) 70. Kf3 h2 71. Kg2 Ke5 72. Kh1 Kd4 (72... Kf6 $5 73. Nf3 $8 Nh6 $11) 73. Ne6+ Ke3 {[#] ( -> ...f3)} 74. Nxf4 $1 {[%mdl 512]} Kxf4 75. Kg2 $1 Kxe4 76. Kh1 Kf4 77. Kg2 Kg5 78. Kh1 Nf2+ 79. Kxh2 {Accuracy: White = 71%, Black = 68%.} 1/2-1/2

[Event "Icelandic Open 2019"]
[Site "Akureyri"]
[Date "2019.05.31"]
[Round "8.3"]
[White "Gunnarsson, Jon Viktor"]
[Black "Gislason, Gudmundur"]
[Result "1-0"]
[WhiteElo "2452"]
[BlackElo "2288"]
[Annotator "ChessBase"]
[PlyCount "91"]
[EventDate "2019.05.25"]
[EventType "swiss"]
[EventCountry "ISL"]
[SourceTitle "playchess.com"]
[Source "ChessBase"]
[SourceQuality "1"]
[TimeControl "40/5400+30:1800+30"]

1. e4 {[%emt 0:00:00]} c5 {[%emt 0:00:00]} 2. Nf3 {[%emt 0:00:02]} Nc6 {[%emt 0:00:00]} 3. Nc3 {[%emt 0:00:38]} a6 {[%emt 0:03:20]} 4. d4 {[%emt 0:01:41]} cxd4 {[%emt 0:02:43]} 5. Nxd4 {[%emt 0:00:53]} e6 {[%emt 0:01:19]} 6. Nxc6 {[%emt 0:04:24]} bxc6 {[%emt 0:00:31]} 7. Bd3 {[%emt 0:01:10]} Qc7 {[%emt 0:01:13]} 8. O-O {[%emt 0:02:18]} Nf6 {[%emt 0:04:17]} 9. Qe2 {[%emt 0:10:12]} d5 {[%emt 0:08:14]} 10. f4 {[%emt 0:03:56]} Be7 {[%emt 0:01:50]} 11. e5 {[%emt 0:05:49]} Nd7 {[%emt 0:00:07]} 12. Na4 {[%emt 0:01:47]} c5 {[%emt 0:24:24]} 13. c4 {[%emt 0:05:29]} Bb7 {[%emt 0:02:25]} 14. b3 {[%emt 0:07:59]} d4 {[%emt 0:08:29]} 15. Bd2 {[%emt 0:02:34]} g6 {[%emt 0:02:25]} 16. Be4 {[%emt 0:10:43]} Bxe4 {[%emt 0:00:13]} 17. Qxe4 {[%emt 0:00:05]} O-O {[%emt 0:00:13]} 18. g4 {[%emt 0:05:51]} Rae8 {[%emt 0:04:36]} 19. Rae1 {[%emt 0:06:36]} Bh4 {[%emt 0:01:25]} 20. Re2 {[%emt 0:01:29]} f6 {[%emt 0:08:02]} 21. exf6 {[%emt 0:02:06]} Bxf6 {[%emt 0:03:58]} 22. Nb2 {[%emt 0:05:25]} Kh8 {[%emt 0:11:01]} 23. Nd3 {[%emt 0:02:05]} a5 {[%emt 0:00:16]} 24. Rf3 {[%emt 0:05:27]} Bd8 {[%emt 0:03:09]} 25. Rh3 {[%emt 0:01:50]} Kg8 {[%emt 0:00:29]} 26. g5 {[%emt 0:01:41]} Rf5 {[%emt 0:00:43]} 27. Nf2 {[%emt 0:00:34]} h5 {[%emt 0:00:36]} 28. gxh6 {[%emt 0:05:27]} Kh7 {[%emt 0:00:30]} 29. Qg2 {[%emt 0:01:43]} e5 {[%emt 0:01:29]} 30. Rg3 {[%emt 0:01:16]} Rg8 {[%emt 0:00:17]} 31. Nd3 {[%emt 0:01:31]} exf4 {[%emt 0:00:20]} 32. Bxf4 {[%emt 0:00:35]} Rxf4 {[%emt 0:00:26]} 33. Nxf4 {[%emt 0:00:04]} Qxf4 {[%emt 0:00:45]} 34. Rf2 {[%emt 0:01:41]} Qxh6 {[%emt 0:04:30]} 35. Rh3 {[%emt 0:00:41]} Bh4 {[%emt 0:00:28]} 36. Qg4 {[%emt 0:01:16]} Bxf2+ {[%emt 0:01:00]} 37. Kxf2 {[%emt 0:00:42]} Rf8+ {[%emt 0:00:38]} 38. Kg2 {[%emt 0:00:34]} Nf6 {[%emt 0:01:07]} 39. Rxh6+ {[%emt 0:00:23]} Kxh6 {[%emt 0:00:20]} 40. Qf4+ {[%emt 0:00:00]} Kg7 {[%emt 0:00:00]} 41. Qe5 {[%emt 0:12:15]} Rf7 {[%emt 0:06:30]} 42. Kf1 {[%emt 0:06:02]} d3 {[%emt 0:06:23]} 43. Ke1 {[%emt 0:01:08]} Rd7 {[%emt 0:02:17]} 44. Kd1 {[%emt 0:02:18]} d2 {[%emt 0:00:17]} 45. Qxc5 {[%emt 0:00:45]} Kf7 {[%emt 0:02:41]} 46. Qe5 {[%emt 0:02:38]} 1-0

[Event "Icelandic Open 2019"]
[Site "Akureyri"]
[Date "2019.05.31"]
[Round "8.4"]
[White "Hillarp Persson, Tiger"]
[Black "Gretarsson, Helgi Ass"]
[Result "1-0"]
[WhiteElo "2563"]
[BlackElo "2433"]
[Annotator "TA"]
[PlyCount "119"]
[EventDate "2019.05.25"]
[EventType "swiss"]
[EventCountry "ISL"]
[SourceTitle "playchess.com"]
[Source "ChessBase"]
[SourceQuality "1"]

{[%evp 9,119,0,0,0,0,0,0,0,0,0,0,0,0,0,0,0,0,-15,0,-6,0,0,0,0,36,0,11,6,22,-11,0,-7,33,14,50,36,43,50,60,20,22,8,33,8,15,6,61,62,205,198,206,152,141,140,159,174,169,172,171,78,133,70,70,70,101,113,119,118,152,170,164,135,178,193,170,143,180,175,182,159,212,210,210,210,210,208,240,245,339,354,345,286,372,360,348,349,574,574,563,529,468,0,558,545,617,598,847,897,885,842,912,649]} 1. Nf3 d5 2. g3 c6 3. Bg2 Bg4 4. O-O Nd7 5. h3 Bxf3 6. Bxf3 {A07: Réti Opening: New York and Capablanca Systems} Ngf6 (6... e6 7. d3 Bd6 8. e4 Ngf6 9. Qe2 Qc7 10. Nc3 O-O-O 11. a4 Rdg8 12. Rb1 g5 {1-0 (37) Vachier Lagrave,M (2780)-Topalov,V (2740) Abidjan 2019}) 7. d3 e5 8. Nd2 {The position is equal.} Bc5 9. e4 O-O 10. a4 a5 11. Bg2 Qc7 12. Qe2 Rfe8 13. Nf3 Nf8 14. c3 Rad8 $146 ({Predecessor:} 14... dxe4 15. dxe4 Ne6 {1-0 (54) Kosic,D (2523)-Agopov,M (2409) Batumi 1999}) 15. Bg5 Be7 16. h4 N6d7 17. Be3 Ne6 18. Qc2 Bc5 19. Bd2 Ba7 20. Rad1 d4 21. Bh3 Ndf8 22. Kg2 dxc3 23. bxc3 b5 24. Bg5 Nxg5 25. hxg5 Qe7 26. Qb3 b4 27. cxb4 Qxb4 (27... axb4 $11 28. Qc4 Bd4) 28. Qc2 $14 Rd6 ({Black should try} 28... Qd6 $14) 29. Rb1 $18 Qc5 30. Rfc1 Qxc2 31. Rxc2 Re7 32. Rb3 h6 33. gxh6 Rxh6 34. Rcb2 (34. Rbc3 $18) 34... Rd6 (34... Bc5 $142) 35. Rb7 (35. Nd2 $16) 35... Rxb7 $14 36. Rxb7 Bd4 37. Kf1 g6 38. Ke2 Bc3 39. Re7 f6 40. Bc8 Rd8 41. Rc7 Rd6 42. Nh4 Bb4 43. Ba6 Rd7 44. Rxc6 Kf7 (44... Kg7 $16 45. Bc4 Rd6 46. Rc7+ Rd7) 45. Bc4+ $18 Ke7 46. Bb5 Rd6 {[#]} 47. Rc8 $1 Rb6 48. f4 exf4 49. gxf4 Bd6 50. f5 g5 51. Ng2 Rb8 52. Rc6 Nd7 $2 (52... Be5 53. Ne3 Kf7) 53. Ne3 Be5 54. Ng4 Bd6 {Black hopes to continue with ...Ne5.} 55. Ne3 {[#] And now Nd5+ would win.} Be5 $1 56. Nc4 {White is clearly winning.} g4 57. Re6+ Kd8 58. Nxe5 Nxe5 59. Rxf6 Rb7 60. Re6 {Accuracy: White = 64%, Black = 41%.} 1-0

[Event "Icelandic Open 2019"]
[Site "Akureyri"]
[Date "2019.05.31"]
[Round "8.5"]
[White "Thorhallsson, Simon"]
[Black "Thorfinnsson, Bragi"]
[Result "0-1"]
[WhiteElo "2184"]
[BlackElo "2451"]
[Annotator "ChessBase"]
[PlyCount "52"]
[EventDate "2019.05.25"]
[EventType "swiss"]
[EventCountry "ISL"]
[SourceTitle "playchess.com"]
[Source "ChessBase"]
[SourceQuality "1"]
[TimeControl "40/5400+30:1800+30"]

1. d4 {[%emt 0:00:00]} Nf6 {[%emt 0:00:06]} 2. c4 {[%emt 0:00:00]} e6 {[%emt 0:00:18]} 3. g3 {[%emt 0:00:23]} c5 {[%emt 0:04:16]} 4. d5 {[%emt 0:00:19]} exd5 {[%emt 0:00:47]} 5. cxd5 {[%emt 0:00:06]} d6 {[%emt 0:00:16]} 6. Nc3 {[%emt 0:00:05]} g6 {[%emt 0:00:28]} 7. Bg2 {[%emt 0:00:15]} Bg7 {[%emt 0:00:24]} 8. Nf3 {[%emt 0:00:06]} O-O {[%emt 0:00:51]} 9. O-O {[%emt 0:00:06]} a6 {[%emt 0:01:56]} 10. a4 {[%emt 0:00:18]} Nbd7 {[%emt 0:02:06]} 11. Nd2 {[%emt 0:10:23]} Re8 {[%emt 0:02:53]} 12. h3 {[%emt 0:09:47]} Rb8 {[%emt 0:06:07]} 13. Nc4 {[%emt 0:03:15]} Ne5 {[%emt 0:00:00]} 14. Na3 {[%emt 0:05:10]} Nh5 {[%emt 0:00:00]} 15. e4 {[%emt 0:03:31]} Bd7 {[%emt 0:02:17]} 16. g4 {[%emt 0:13:06]} Nf6 {[%emt 0:00:44]} 17. f4 {[%emt 0:00:57]} Nexg4 {[%emt 0:00:51]} 18. hxg4 {[%emt 0:00:24]} Nxg4 {[%emt 0:00:11]} 19. Nc2 {[%emt 0:01:20]} Qh4 {[%emt 0:11:23]} 20. Rf3 {[%emt 0:04:14]} f5 {[%emt 0:06:48]} 21. e5 {[%emt 0:10:36]} dxe5 {[%emt 0:02:49]} 22. Ne2 {[%emt 0:08:23]} b5 {[%emt 0:10:26]} 23. a5 {[%emt 0:06:06]} b4 {[%emt 0:01:31]} 24. fxe5 {[%emt 0:00:26]} Bxe5 {[%emt 0:01:25]} 25. Nf4 {[%emt 0:02:52]} Qh2+ {[%emt 0:02:42]} 26. Kf1 {[%emt 0:00:05]} Bxf4 {[%emt 0:00:37]} 0-1

[Event "Icelandic Open 2019"]
[Site "Akureyri"]
[Date "2019.05.31"]
[Round "8.6"]
[White "Thorfinnsson, Bjorn"]
[Black "Karlsson, Mikael Johann"]
[Result "0-1"]
[WhiteElo "2389"]
[BlackElo "2146"]
[Annotator "ChessBase"]
[PlyCount "62"]
[EventDate "2019.05.25"]
[EventType "swiss"]
[EventCountry "ISL"]
[SourceTitle "playchess.com"]
[Source "ChessBase"]
[SourceQuality "1"]
[TimeControl "40/5400+30:1800+30"]

1. d4 {[%emt 0:00:12]} Nf6 {[%emt 0:00:00]} 2. c4 {[%emt 0:00:53]} e6 {[%emt 0:00:42]} 3. Nf3 {[%emt 0:01:07]} b6 {[%emt 0:00:07]} 4. g3 {[%emt 0:00:06]} Bb7 {[%emt 0:00:02]} 5. Bg2 {[%emt 0:00:06]} Bb4+ {[%emt 0:01:33]} 6. Nc3 {[%emt 0:00:58]} d6 {[%emt 0:00:15]} 7. O-O {[%emt 0:00:32]} Bxc3 {[%emt 0:00:02]} 8. bxc3 {[%emt 0:00:06]} Nbd7 {[%emt 0:00:08]} 9. h3 {[%emt 0:06:53]} h6 {[%emt 0:01:54]} 10. g4 {[%emt 0:00:22]} Qe7 {[%emt 0:04:51]} 11. Bf4 {[%emt 0:01:13]} g5 {[%emt 0:05:38]} 12. Be3 {[%emt 0:01:55]} Ne4 {[%emt 0:02:17]} 13. d5 {[%emt 0:01:54]} O-O-O {[%emt 0:11:07]} 14. Nd4 {[%emt 0:03:13]} Ndc5 {[%emt 0:09:30]} 15. Bxe4 {[%emt 0:10:57]} Nxe4 {[%emt 0:00:07]} 16. Nc6 {[%emt 0:00:05]} Bxc6 {[%emt 0:00:32]} 17. dxc6 {[%emt 0:00:05]} Kb8 {[%emt 0:02:08]} 18. Qa4 {[%emt 0:04:39]} Qe8 {[%emt 0:00:18]} 19. f4 {[%emt 0:11:42]} f5 {[%emt 0:14:38]} 20. gxf5 {[%emt 0:12:36]} exf5 {[%emt 0:00:10]} 21. Bd4 {[%emt 0:03:18]} Rg8 {[%emt 0:01:46]} 22. fxg5 {[%emt 0:04:11]} Rxg5+ {[%emt 0:00:06]} 23. Kh2 {[%emt 0:00:07]} Nxc3 {[%emt 0:03:19]} 24. Qc2 {[%emt 0:00:14]} Qxc6 {[%emt 0:00:09]} 25. Rf3 {[%emt 0:01:09]} Ne4 {[%emt 0:00:57]} 26. Be3 {[%emt 0:00:02]} Rg6 {[%emt 0:03:39]} 27. Rg1 {[%emt 0:01:19]} Rxg1 {[%emt 0:02:13]} 28. Bxg1 {[%emt 0:00:04]} Rg8 {[%emt 0:01:42]} 29. Rxf5 {[%emt 0:00:44]} Nd2 {[%emt 0:02:28]} 30. Rd5 {[%emt 0:00:55]} Nf1+ {[%emt 0:00:44]} 31. Kh1 {[%emt 0:00:19]} Qd7 {[%emt 0:00:09]} 0-1

[Event "Icelandic Open 2019"]
[Site "Akureyri"]
[Date "2019.05.31"]
[Round "8.7"]
[White "Sarkar, Justin"]
[Black "Stefansson, Vignir Vatnar"]
[Result "1-0"]
[WhiteElo "2358"]
[BlackElo "2291"]
[Annotator "ChessBase"]
[PlyCount "70"]
[EventDate "2019.05.25"]
[EventType "swiss"]
[EventCountry "ISL"]
[SourceTitle "playchess.com"]
[Source "ChessBase"]
[SourceQuality "1"]
[TimeControl "40/5400+30:1800+30"]

1. d4 {[%emt 0:00:00]} f5 {[%emt 0:00:00]} 2. c4 {[%emt 0:00:00]} Nf6 {[%emt 0:00:00]} 3. Nc3 {[%emt 0:00:25]} g6 {[%emt 0:00:00]} 4. g3 {[%emt 0:00:18]} Bg7 {[%emt 0:00:00]} 5. Bg2 {[%emt 0:00:07]} O-O {[%emt 0:00:00]} 6. Nf3 {[%emt 0:00:54]} d6 {[%emt 0:00:00]} 7. O-O {[%emt 0:00:13]} c6 {[%emt 0:00:01]} 8. Re1 {[%emt 0:02:30]} Na6 {[%emt 0:03:30]} 9. b3 {[%emt 0:03:56]} Bd7 {[%emt 0:00:27]} 10. e4 {[%emt 0:17:22]} fxe4 {[%emt 0:00:26]} 11. Nxe4 {[%emt 0:00:06]} Nxe4 {[%emt 0:00:04]} 12. Rxe4 {[%emt 0:00:06]} Bf5 {[%emt 0:00:27]} 13. Rh4 {[%emt 0:01:26]} e5 {[%emt 0:08:24]} 14. Bg5 {[%emt 0:07:31]} Qc7 {[%emt 0:04:33]} 15. Qd2 {[%emt 0:03:03]} e4 {[%emt 0:07:21]} 16. Ne1 {[%emt 0:00:08]} d5 {[%emt 0:01:41]} 17. Nc2 {[%emt 0:01:24]} Qd7 {[%emt 0:01:06]} 18. cxd5 {[%emt 0:09:48]} cxd5 {[%emt 0:01:55]} 19. Ne3 {[%emt 0:00:09]} Nc7 {[%emt 0:02:13]} 20. f3 {[%emt 0:24:51]} Ne6 {[%emt 0:05:03]} 21. Bh6 {[%emt 0:00:50]} Nxd4 {[%emt 0:04:26]} 22. Bxg7 {[%emt 0:00:11]} Qxg7 {[%emt 0:00:24]} 23. Rd1 {[%emt 0:00:46]} g5 {[%emt 0:19:13]} 24. Nxf5 {[%emt 0:00:56]} Rxf5 {[%emt 0:06:59]} 25. fxe4 {[%emt 0:03:20]} dxe4 {[%emt 0:00:11]} 26. Rxe4 {[%emt 0:00:18]} Nc6 {[%emt 0:01:38]} 27. Bh3 {[%emt 0:01:20]} Rf6 {[%emt 0:00:23]} 28. Qd7 {[%emt 0:02:26]} Raf8 {[%emt 0:02:42]} 29. Be6+ {[%emt 0:03:26]} Kh8 {[%emt 0:00:03]} 30. Qxg7+ {[%emt 0:00:09]} Kxg7 {[%emt 0:00:02]} 31. Rd7+ {[%emt 0:00:31]} Kh8 {[%emt 0:06:26]} 32. Rxb7 {[%emt 0:01:32]} Rf1+ {[%emt 0:00:46]} 33. Kg2 {[%emt 0:00:02]} h5 {[%emt 0:01:09]} 34. Bd5 {[%emt 0:03:35]} g4 {[%emt 0:04:15]} 35. Rf4 {[%emt 0:00:40]} Rf2+ {[%emt 0:00:02] Rxf8+ Rxf8} 1-0

[Event "Icelandic Open 2019"]
[Site "Akureyri"]
[Date "2019.05.31"]
[Round "8.8"]
[White "Bergsson, Stefan"]
[Black "Ptacnikova, Lenka"]
[Result "1-0"]
[WhiteElo "2124"]
[BlackElo "2145"]
[Annotator "ChessBase"]
[PlyCount "41"]
[EventDate "2019.05.25"]
[EventType "swiss"]
[EventCountry "ISL"]
[SourceTitle "playchess.com"]
[Source "ChessBase"]
[SourceQuality "1"]
[TimeControl "40/5400+30:1800+30"]

1. e4 {[%emt 0:00:00]} c5 {[%emt 0:00:00]} 2. Nf3 {[%emt 0:03:35]} e6 {[%emt 0:00:20]} 3. d4 {[%emt 0:00:16]} cxd4 {[%emt 0:00:03]} 4. Nxd4 {[%emt 0:00:05]} Nf6 {[%emt 0:01:37]} 5. Nc3 {[%emt 0:01:58]} Nc6 {[%emt 0:00:33]} 6. Ndb5 {[%emt 0:04:08]} Bb4 {[%emt 0:01:22]} 7. Nd6+ {[%emt 0:04:06]} Ke7 {[%emt 0:19:13]} 8. Bf4 {[%emt 0:09:21]} Qa5 {[%emt 0:00:37]} 9. Qd2 {[%emt 0:08:47]} Nh5 {[%emt 0:20:30]} 10. Nc4 {[%emt 0:05:00]} Bxc3 {[%emt 0:00:13]} 11. bxc3 {[%emt 0:04:53]} Qd8 {[%emt 0:08:05]} 12. Bd6+ {[%emt 0:06:30]} Ke8 {[%emt 0:00:11]} 13. Ba3 {[%emt 0:06:04]} Qf6 {[%emt 0:02:42]} 14. Nd6+ {[%emt 0:05:29]} Kd8 {[%emt 0:01:44]} 15. O-O-O {[%emt 0:02:08]} Ne5 {[%emt 0:02:56]} 16. g3 {[%emt 0:02:19]} g5 {[%emt 0:00:39]} 17. Be2 {[%emt 0:01:11]} Ng7 {[%emt 0:02:46]} 18. f4 {[%emt 0:00:30]} gxf4 {[%emt 0:00:10]} 19. gxf4 {[%emt 0:00:03]} Ng6 {[%emt 0:01:07]} 20. Rhf1 {[%emt 0:02:57]} Nf8 {[%emt 0:05:29]} 21. Nxc8 {[%emt 0:08:30]} 1-0

[Event "Icelandic Open 2019"]
[Site "Akureyri"]
[Date "2019.05.31"]
[Round "8.9"]
[White "Jonsson, Gauti Pall"]
[Black "Thorhallsson, Throstur"]
[Result "0-1"]
[WhiteElo "2033"]
[BlackElo "2435"]
[Annotator "ChessBase"]
[PlyCount "90"]
[EventDate "2019.05.25"]
[EventType "swiss"]
[EventCountry "ISL"]
[SourceTitle "playchess.com"]
[Source "ChessBase"]
[SourceQuality "1"]
[TimeControl "40/5400+30:1800+30"]

1. e4 {[%emt 0:00:00]} c5 {[%emt 0:00:00]} 2. Be2 {[%emt 0:00:08]} Nc6 {[%emt 0:02:18]} 3. f4 {[%emt 0:01:21]} g6 {[%emt 0:01:21]} 4. Nf3 {[%emt 0:00:39]} Bg7 {[%emt 0:00:11]} 5. O-O {[%emt 0:00:46]} d6 {[%emt 0:03:47]} 6. d3 {[%emt 0:00:58]} e6 {[%emt 0:02:05]} 7. c3 {[%emt 0:02:14]} Nf6 {[%emt 0:03:14]} 8. Kh1 {[%emt 0:01:46]} O-O {[%emt 0:01:11]} 9. Be3 {[%emt 0:01:07]} b6 {[%emt 0:01:30]} 10. Nbd2 {[%emt 0:01:33]} Bb7 {[%emt 0:01:22]} 11. Qe1 {[%emt 0:03:59]} Ng4 {[%emt 0:02:43]} 12. Bg1 {[%emt 0:01:13]} Qe7 {[%emt 0:05:01]} 13. h3 {[%emt 0:01:09]} Nh6 {[%emt 0:00:29]} 14. Be3 {[%emt 0:14:19]} f5 {[%emt 0:03:47]} 15. Qg3 {[%emt 0:01:16]} fxe4 {[%emt 0:16:52]} 16. dxe4 {[%emt 0:00:50]} d5 {[%emt 0:00:22]} 17. Bd3 {[%emt 0:00:32]} dxe4 {[%emt 0:05:34]} 18. Bxe4 {[%emt 0:00:40]} Nf5 {[%emt 0:00:47]} 19. Bxf5 {[%emt 0:03:08]} exf5 {[%emt 0:00:38]} 20. Rfe1 {[%emt 0:00:25]} Qf6 {[%emt 0:04:38]} 21. Nc4 {[%emt 0:03:33]} Rad8 {[%emt 0:01:39]} 22. Bf2 {[%emt 0:01:16]} Qf7 {[%emt 0:17:05]} 23. Nce5 {[%emt 0:04:07]} Nxe5 {[%emt 0:00:20]} 24. Nxe5 {[%emt 0:00:16]} Qc7 {[%emt 0:05:02]} 25. Re3 {[%emt 0:03:38]} Be4 {[%emt 0:01:00]} 26. Nf3 {[%emt 0:04:14]} Bf6 {[%emt 0:06:18]} 27. Rae1 {[%emt 0:01:06]} Qf7 {[%emt 0:00:30]} 28. b3 {[%emt 0:02:15]} h6 {[%emt 0:00:16]} 29. R1e2 {[%emt 0:02:16]} Rd1+ {[%emt 0:01:14]} 30. Kh2 {[%emt 0:01:33]} Rfd8 {[%emt 0:00:50]} 31. Re1 {[%emt 0:01:29]} R1d3 {[%emt 0:01:00]} 32. Rxd3 {[%emt 0:01:52]} Rxd3 {[%emt 0:00:05]} 33. c4 {[%emt 0:00:39]} Bxf3 {[%emt 0:00:56]} 34. gxf3 {[%emt 0:00:08]} Rd2 {[%emt 0:00:58]} 35. Kg1 {[%emt 0:01:11]} Kh7 {[%emt 0:00:36]} 36. Qg2 {[%emt 0:01:01]} Bd4 {[%emt 0:02:30]} 37. Rf1 {[%emt 0:00:25]} Rxa2 {[%emt 0:01:28]} 38. Qg3 {[%emt 0:00:11]} Bf6 {[%emt 0:02:18]} 39. Rd1 {[%emt 0:01:12]} h5 {[%emt 0:01:22]} 40. Kh1 {[%emt 0:00:00]} Rb2 {[%emt 0:00:00]} 41. Rd3 {[%emt 0:01:00]} Qe7 {[%emt 0:04:04]} 42. Re3 {[%emt 0:00:21]} Qd7 {[%emt 0:00:54]} 43. Bg1 {[%emt 0:01:25]} Qd2 {[%emt 0:02:25]} 44. Re6 {[%emt 0:00:42]} h4 {[%emt 0:00:31]} 45. Qh2 {[%emt 0:00:34]} Qc3 {[%emt 0:02:50]} 0-1

[Event "Icelandic Open 2019"]
[Site "Akureyri"]
[Date "2019.05.31"]
[Round "8.10"]
[White "Gower, Sam"]
[Black "Sigurdsson, Snorri Thor"]
[Result "1/2-1/2"]
[WhiteElo "2069"]
[BlackElo "1965"]
[Annotator "NA"]
[PlyCount "66"]
[EventDate "2019.05.25"]
[EventType "swiss"]
[EventCountry "ISL"]
[SourceTitle "playchess.com"]
[Source "ChessBase"]
[SourceQuality "1"]
[TimeControl "40/5400+30:1800+30"]

1. e4 {[%emt 0:00:00]} e6 {[%emt 0:00:00]} 2. d4 {[%emt 0:00:00]} d5 {[%emt 0:00:00]} 3. exd5 {[%emt 0:00:00]} exd5 {[%emt 0:00:00]} 4. Nf3 {[%emt 0:00:00]} Bd6 {[%emt 0:00:40]} 5. c4 {[%emt 0:00:19]} Nf6 {[%emt 0:00:56]} 6. Nc3 {[%emt 0:00:46]} c6 {[%emt 0:30:39]} 7. Bd3 {[%emt 0:00:34]} O-O {[%emt 0:01:35]} 8. O-O {[%emt 0:00:18]} h6 {[%emt 0:00:44]} 9. Ne5 {[%emt 0:13:23]} Nbd7 {[%emt 0:07:42]} 10. Bf4 {[%emt 0:11:02]} Qc7 {[%emt 0:06:00]} 11. Re1 {[%emt 0:03:00]} dxc4 {[%emt 0:01:08]} 12. Bxc4 {[%emt 0:02:23]} Nb6 {[%emt 0:00:08]} 13. Bb3 {[%emt 0:05:12]} Bf5 {[%emt 0:01:13]} 14. Rc1 {[%emt 0:03:17]} a6 {[%emt 0:01:13]} 15. Nxf7 {[%emt 0:11:44]} Bxf4 {[%emt 0:15:26]} 16. Nxh6+ {[%emt 0:01:08]} Kh8 {[%emt 0:00:39]} 17. Nxf5 {[%emt 0:00:31]} Bxc1 {[%emt 0:01:06]} 18. Qxc1 {[%emt 0:02:54]} Ng4 {[%emt 0:05:38]} 19. Qg5 {[%emt 0:13:49]} Qxh2+ {[%emt 0:06:21]} 20. Kf1 {[%emt 0:00:04]} Rxf5 {[%emt 0:00:17]} 21. Qxf5 {[%emt 0:04:13]} Qh1+ {[%emt 0:01:17]} 22. Ke2 {[%emt 0:00:28]} Qxg2 {[%emt 0:05:25]} 23. Qh5+ {[%emt 0:08:26]} Nh6 {[%emt 0:00:02]} 24. Kd1 {[%emt 0:00:15]} Qg4+ {[%emt 0:01:25]} 25. Qxg4 {[%emt 0:00:38]} Nxg4 {[%emt 0:00:02]} 26. Re7 {[%emt 0:02:40]} Rd8 {[%emt 0:01:31]} 27. Rxb7 {[%emt 0:01:37]} Rxd4+ {[%emt 0:00:14]} 28. Ke2 {[%emt 0:00:09]} Nd7 {[%emt 0:01:06]} 29. f3 {[%emt 0:09:09]} Nge5 {[%emt 0:01:39]} 30. Ke3 {[%emt 0:00:19]} Rd3+ {[%emt 0:00:43]} 31. Ke2 {[%emt 0:00:32]} Rd4 {[%emt 0:04:24]} 32. Ke3 {[%emt 0:01:36]} Rd3+ {[%emt 0:00:15]} 33. Ke2 {[%emt 0:00:06]} Rd4 {[%emt 0:00:23]} 1/2-1/2